Statistics for 14 Landlocked States In The Usa

Click here to take the quiz!

General Stats

  • This quiz has been taken 42 times
  • The average score is 12 of 14

Answer Stats

HintAnswer% Correct
KKansas
97%
UUtah
97%
CColorado
92%
IIowa
92%
KKentucky
92%
WWyoming
89%
NNevada
86%
NNebraska
86%
OOklahoma
86%
AArkansas
86%
TTennessee
84%
SSouth Dakota
81%
WWest Virginia
81%
MMissouri
62%

Score Distribution

Percentile by Number Answered

Percent of People with Each Score

Your Score History

You have not taken this quiz